Les cinq émotions primaires - Statistiques

Statistiques générales
  • Ce quiz a été pris 284 fois
  • Le résultat moyen est 4 sur 5
Statistiques - réponses
Émoticônes Émotions % Correct
😱 Peur
91%
😁 Joie
89%
😢 Tristesse
84%
🤮 Dégoût
79%
😳 Surprise
26%
Aucun quiz correspondant
Distribution des résultats
% des personnes avec chaque résultat
Percentile par nombre de réponses
Votre historique - résultats
Vous n’avez pas pris ce quiz